| 000 | 00892nam a2200277 i 4500 | ||
|---|---|---|---|
| 003 | EG-GICUC | ||
| 005 | 20260121101219.0 | ||
| 008 | 251113s1960 -ukak||f |||| 001 0 eng d | ||
| 040 |
_aEG-GiCUC _beng _cEG-GiCUC _dEG-GiCUC _erda |
||
| 041 | 0 | _aeng | |
| 082 | 0 | 4 |
_221 _a338.9 _bBE . O |
| 092 | 0 | 4 | _221 |
| 099 | _aLaw1 13 338.9 BE . O 1960 | ||
| 100 | 1 |
_a Bensusan-butt , D. M _eAuthor. |
|
| 245 | 1 | 0 |
_aOn Economic Growth : _bAn Essay In Pure Theory / _cD. M. Bensusan-butt. |
| 264 | 1 |
_aOxford : _b At The Clarendon Press _c1960 . |
|
| 300 |
_a214 pages : _billustrations, _c20 cm |
||
| 336 |
_2rda content _atext |
||
| 337 |
_2rda media _aComputer |
||
| 338 |
_2rda carrier _aOnline Resource |
||
| 546 | _aText in English | ||
| 650 | 1 | _aPublic finance and tax legislation | |
| 856 | 4 | 0 | _uhttps://fll.law.cu.edu.eg/fulltext/bks/B13-07523.pdf |
| 905 | _a48 | ||
| 942 |
_2ddc _cBK _e21 _n0 |
||
| 999 |
_c43137 _d43137 |
||